000 00891cam a2200289 4500
001 3514
003 BD-RjUL
005 20211208233738.0
008 131219r1965 ilua ab 001 0 eng d
035 _a(OCoLC)ocm32416142
035 _a(BD-RjUL)3548
040 _aPR1
_cPR1
_dZCU
_dBD-RjUL
_beng
041 _aeng
082 0 4 _216
_a332.4
_bPRM 1965
100 1 _aPrather, Charles Lee,
_d1899-
_911082
245 1 0 _aMoney and banking /
_cby Charles L. Prather ...
250 _a8 ed.
260 _aIll. ;
_aChicago :
_bR.D. Irwin, Inc.,
_c19465 [ printing 1965].
300 _axiii, 803 p. :
_bill. ;
_c24 cm.
500 _a"Third edition, first printing, August 1946."
504 _aIncludes index.
650 0 _aMoney.
_911083
650 0 _aBanks and banking
_zUnited States.
_911084
650 0 _aCredit
_zUnited States.
_97426
776 1 _cOriginal
_w(DLC) 46021233
942 _2ddc
_cBK
999 _c3514
_d3514